000 00588nam a2200193Ia 4500
008 240729s9999 xx 000 0 und d
022 _a2186-8123
245 0 _aJournal of Physical Fitness and Sports Medicine
260 _aJapan
260 _bJapanese Society of Physical Fitness and Sports Medicine
650 _a Internal medicine
650 _a Physiology
650 _a Special situations and conditions
650 _a Sports medicine | Science
650 _aMedicine
856 _uhttps://doaj.org/toc/5a4882d028544c9fb3a650dd026a4a22
942 _2ddc
942 _cDOAJEJ
999 _c70700
_d70700
945 _a1
_bMadushi Gamage
_c1
_dMadushi Gamage